000 00787nam a2200205 a 4500
008 120416s1992 ||||||||||||||||| || u
020 _a0821321161
050 _aIBRD(08)DP
100 _aRussell, S. S
245 1 0 _aInternational migration and international trade
260 _aWashington, D. C.
_bWorld Bank
_c1992
300 _avii, 84p. : ill.
350 _a0.00
490 _aWorld Bank Discussion Papers
650 _aEMIGRATION AND IMMIGRATION -- ECONOMIC ASPECTS
650 _aEMIGRANTS REMITTANCES
650 0 _aINTERNATIONAL ECONOMIC RELATIONS--HANDBOOKS, MANUALS, E.T.C
700 _aTeitelbaum, Michael S
995 _D0.00
_FCBU-MAIN LIBRARY (Kitwe)
_H1
_I0.00
_M1
_UAVAILABLE
_WJan 18, 2008
_ZInternational Publications
999 _c47444
_d47444